Дело по сообщённому генерал-адъютантом, графом Бенкендорфом высочайшему повелению о предположениях исправляющего должность начал...

Доступно только в Электронных читальных залах Найти на картеНа карте
RUSMARC
00003831nmc2a22000003x 450
0014d1fd197-3518-4c86-a91b-b0ec8163b01c
00520180403094753.0
100##$a20160203l18411842k l0rusy0189 ca
1010#$arus
102##$aRU
2001#$aДело по сообщённому генерал-адъютантом, графом Бенкендорфом высочайшему повелению о предположениях исправляющего должность начальника седьмого округа Корпуса жандармов, полковника Львова по отправлению рекрутской повинности в Казанской губернии
$j22 марта 1841 г. - 19 апреля 1842 г.
251##$cДело
300##$aДело
801#0$aRU
$bРГИА
$c20160203
$gRCR
801#1$aRU
$bГлавНИВЦ
$c20160203
$2rusmarc
801#2$aRU
$bПБ им. Б.Н. Ельцина
$c20180403
$gRCR
$2rusmarc
850##$aРГИА
852##$aРГИА
$eФедеральное казенное учреждение "Российский государственный исторический архив" (РГИА)
$j642
937##$hРГИА
$d12191878
$aASBIBLIO_SCAN
462#0$1001d84ca311-0ff2-4bc1-993d-58ba7069b925
$12001
$a1841-1843 гг. Дела Департамента полиции исполнительной МВД за 1841 г.
$1251
$cОпись
$1852
$j8
461#0$10013e300ed0-cd39-49af-8489-5ba5b90fa401
$12001
$aДепартамент полиции исполнительной МВД
$1251
$cФонд
$1852
$j1286
215##$a45 л.
$d36,5х26 см
371##$aДокумент не является опубликованным и широко распространяемым
105##$ay###
1222#$ad
035##$a4d1fd197-3518-4c86-a91b-b0ec8163b01c
856##$uhttp://readingroom.main.prlib.ru/item.aspx?id_node=n114387193&mode=full
Формат отображения